Nuclear weapons? : (Record no. 2070)

000 -LEADER
fixed length control field nam a22 a 4500
005 - DATE AND TIME OF LATEST TRANSACTION
control field 20170515105604.0
008 - FIXED-LENGTH DATA ELEMENTS--GENERAL INFORMATION
fixed length control field 170515b1983 ii ||||| |||| 00| 0 eng d
020 ## - INTERNATIONAL STANDARD BOOK NUMBER
International Standard Book Number 0803994788 (pbk) :
020 ## - INTERNATIONAL STANDARD BOOK NUMBER
International Standard Book Number 80399477X (cased) :
Terms of availability £12.00
040 ## - CATALOGING SOURCE
Original cataloging agency AKMAL
082 ## - DEWEY DECIMAL CLASSIFICATION NUMBER
Classification number 355.0335 SEN
090 ## - LOCALLY ASSIGNED LC-TYPE CALL NUMBER (OCLC); LOCAL CALL NUMBER (RLIN)
Classification number (OCLC) (R) ; Classification number, CALL (RLIN) (NR) 355.0335
Local cutter number (OCLC) ; Book number/undivided call number, CALL (RLIN) SEN
100 1# - MAIN ENTRY--PERSONAL NAME
Personal name Sen Gupta, Bhabani
Dates associated with a name 1921
9 (RLIN) 4267
245 10 - TITLE STATEMENT
Title Nuclear weapons? :
Remainder of title policy options for India
Statement of responsibility, etc. Bhabani Sen Gupta and Centre for Policy Research, New Delhi.
260 ## - PUBLICATION, DISTRIBUTION, ETC.
Place of publication, distribution, etc. New Delhi ;
260 ## - PUBLICATION, DISTRIBUTION, ETC.
Place of publication, distribution, etc. London
Name of publisher, distributor, etc. Sage,
Date of publication, distribution, etc. 1983.
300 ## - PHYSICAL DESCRIPTION
Extent x,122p. ;
Dimensions 23cm
500 ## - GENERAL NOTE
General note Based on discussions at a seminar convened by the CPR in Apr. 1982, and related background papers.
599 ## - LOCAL NOTE
Local Note DALAM PROSES
650 #0 - SUBJECT ADDED ENTRY--TOPICAL TERM
Topical term or geographic name entry element Nuclear weapons
General subdivision Government policy
Geographic subdivision India.
9 (RLIN) 4268
710 2# - ADDED ENTRY--CORPORATE NAME
Corporate name or jurisdiction name as entry element Centre for Policy Research (New Delhi, India)
9 (RLIN) 4269
852 41 - LOCATION
Location British Library
Sublocation or collection DSC
852 41 - LOCATION
Location British Library
Sublocation or collection OC
852 41 - LOCATION
Location British Library
Sublocation or collection HMNTS
942 ## - ADDED ENTRY ELEMENTS (KOHA)
Source of classification or shelving scheme
Koha item type Book
Holdings
Withdrawn status Lost status Source of classification or shelving scheme Damaged status Not for loan Collection code Home library Current library Shelving location Date acquired Inventory number Total Checkouts Full call number Barcode Date last seen Price effective from Koha item type
          NON-FICTION AKMAL Melaka AKMAL Melaka PINJAMAN 15.05.2017 302054   355.0335 SEN 201706344 15.05.2017 15.05.2017 Book
          NON-FICTION AKMAL Melaka AKMAL Melaka PINJAMAN 15.05.2017 302053   355.0335 SEN 201706345 15.05.2017 15.05.2017 Book
Pusat Sumber Maklumat Dato' Haji Sarmin Md Hussin, Akademi Kastam Diraja Malaysia, Melaka
Tel: 06-2331106 | Faks: 06-2313787